000 00631nam a2200229Ia 4500
005 20260320201923.0
008 008 262003s9999 xx 000 0 eng d
037 _aEBOOK
040 _aCRL
040 _beng
040 _cCRL
041 _2eng
041 _aeng
084 _qCRL
100 _aDiver
_91136307
245 0 _aMicrosoft Sentinel in Action: Architect, design, implement, and operate Microsoft Sentinel as the core of your security solutions
260 _bIEEE
856 _uhttps://ieeexplore.ieee.org/servlet/opac?bknumber=10163181
942 _cEBOOK
999 _c1724284
_d1724284